| 000 | 00802nam a2200265 a 4500 | ||
|---|---|---|---|
| 005 | 20200104041504.0 | ||
| 008 | 140113b1996 ck ||||| |||| 00| 0 spa d | ||
| 040 |
_aCO-BoIAVH _cCO-BoIAVH |
||
| 041 | _aspa | ||
| 082 |
_a632.7 _bV73l |
||
| 100 |
_aEscobar Sarria, Federico _93531 |
||
| 245 | _alos Insectos y su manejo en los sistemas de producción agrícola sostenible | ||
| 260 |
_aValle del Cauca _bCIPAV _bUMATA _c1996? |
||
| 300 | _a19 p. | ||
| 650 |
_aSistemas de producción agrarios _93532 |
||
| 650 |
_aUso sostenible _9344 |
||
| 650 |
_aManejo de recursos _93533 |
||
| 650 |
_aInsecta _93534 |
||
| 650 |
_aInsectos _939843 |
||
| 650 |
_aPlagas _93536 |
||
| 650 |
_aManejo de plagas _91594 |
||
| 650 |
_aAgricultura _9304 |
||
| 700 |
_aVillegas, María Cecilia _93537 |
||
| 942 |
_cINFORME _2ddc |
||
| 999 |
_c32 _d32 |
||